书目信息 |
| 题名: |
河工模型试验
|
|
| 作者: | 惠遇甲 , 王桂仙 编 | |
| 分册: | ||
| 出版信息: | 北京 中国水利水电出版社 1999.10 |
|
| 页数: | 147页 | |
| 开本: | 26cm | |
| 丛书名: | ||
| 单 册: | ||
| 中图分类: | TV83 | |
| 科图分类: | ||
| 主题词: | 河工模型试验--he gong mo xing shi yan--高等学校--教材 | |
| 电子资源: | ||
| ISBN: | 7-80124-984-4 | |
| 000 | 00873nam0 2200253 450 | |
| 001 | 012008263102 | |
| 005 | 20080424143215.31 | |
| 010 | @a7-80124-984-4@dCNY9.90 | |
| 100 | @a20080424d1999 km y0chiy0120 ea | |
| 101 | 0 | @achi |
| 102 | @aCN@b110000 | |
| 105 | @ay z 000yy | |
| 106 | @ar | |
| 200 | 1 | @a河工模型试验@Ahe gong mo xing shi yan@f惠遇甲, 王桂仙编@Fhui yu jia,wang gui xian bian |
| 210 | @a北京@c中国水利水电出版社@d1999.10 | |
| 215 | @a147页@d26cm | |
| 300 | @a高等学校教材 | |
| 330 | @a本书主要内容包括:量纲分析,模型试验的理论基础,定床河工模型,动床河工模型,各种河工模型的特点与实践,模型沙的选配与性能等。 | |
| 606 | 0 | @a河工模型试验@Ahe gong mo xing shi yan@x高等学校@j教材 |
| 690 | @aTV83@v4 | |
| 701 | 0 | @a惠遇甲@Ahui yu jia@4编 |
| 701 | 0 | @a王桂仙@Awang gui xian@4编 |
| 801 | 0 | @aCN@bQSSK@c20080424 |
| 905 | @b20701561-62@dTV83@eH951@f2 | |
| 河工模型试验/惠遇甲, 王桂仙编.-北京:中国水利水电出版社,1999.10 |
| 147页;26cm |
| 高等学校教材 |
| ISBN 7-80124-984-4:CNY9.90 |
| 本书主要内容包括:量纲分析,模型试验的理论基础,定床河工模型,动床河工模型,各种河工模型的特点与实践,模型沙的选配与性能等。 |
| ● |
| 相关链接 |
|
|
|
正题名:河工模型试验
索取号:TV83/H951
 
预约/预借
| 序号 | 登录号 | 条形码 | 馆藏地/架位号 | 状态 | 备注 |
| 1 | 701561 | 207015610 | 自科库501/501自科库 48排6列2层/ [索取号:TV83/H951] | 在馆 | |
| 2 | 701562 | 207015629 | 自科库501/501自科库 48排6列2层/ [索取号:TV83/H951] | 在馆 |